000
00290nam a22001337a 4500
020
_a
81 73711461
082
_a
920
_b
APJ/W
100
_a
ABDULKALAM,A.P.J
245
_a
WINGS OF FIRE
260
_a
MUMBAI
_b
UNIVERSITIES PRESS
300
_a
180
650
_a
AUTOBIOGRAPHY
_z
INDIA
942
_c
BK
999
_c
5599
_d
5599